000 01203cam a22003377a 4500
003 CHAP
005 20220329142502.0
008 010608d2000 mx a r 00110 spa d
010 _a84138
011 _a85110
035 _a95640
040 _cCHAP
090 _aTesis
100 0 0 _aCastañeda Vildózola, Ignacio.
_919946
245 1 0 _aPrincipales plagas insectiles del cultivo del arroz (Oryza sativa L.) en México
_c/por Ignacio Castañeda Vildózola
260 _aChapingo, Méx. :
_bEl autor,
_c2001.
300 _a118 h. :
_bilus.
502 _aTesis (Ing. Agr. Esp. en Parasitología Agrícola) -- UACH Departamento de Parasitología Agrícola
590 _aALEPH
_b10
_c20130110
_lUCH01
_h1442
590 _aBATCH-UPD
_b10
_c20130110
_lUCH01
_h1742
590 _aBATCH-UPD
_b10
_c20130410
_lUCH01
_h1121
590 _aBATCH-UPD
_b10
_c20130914
_lUCH01
_h2150
590 _aCONVERSION
_b10
_c20130109
_lUCH01
_h1347
650 1 4 _aArroz
_xPlagas.
_97643
650 1 4 _aInsectos
_xControl.
_958908
901 _aBK
905 _aMayto Villalobos S.
942 _cFOLL
949 _aTesis
_bBC
_cTES
_d33724000823605
_eTS2
_fc.2
_h38048
_i95640
_si
949 _aTesis
_bBC
_cTES
_d956401
_eTS1
_h38047
_i95640
_sb
999 _c84138
_d84138